The burning finger : (Record no. 128862)

MARC details
000 -LEADER
fixed length control field 00719nam a22002297a 4500
005 - DATE AND TIME OF LATEST TRANSACTION
control field 20170124110046.0
010 ## - LIBRARY OF CONGRESS CONTROL NUMBER
LC control number A-953324
020 ## - INTERNATIONAL STANDARD BOOK NUMBER
Terms of availability 00.00
International Standard Book Number 8185361177
035 ## - SYSTEM CONTROL NUMBER
System control number A-953324
037 ## - SOURCE OF ACQUISITION
Source of stock number/acquisition Cen Lib/Ret
040 ## - CATALOGING SOURCE
Original cataloging agency DPL
Language of cataloging EN
082 ## - DEWEY DECIMAL CLASSIFICATION NUMBER
Classification number 796.358
Item number GOT
100 ## - MAIN ENTRY--PERSONAL NAME
Personal name Gothoskar, M. V.
9 (RLIN) 24642
245 ## - TITLE STATEMENT
Title The burning finger :
Statement of responsibility, etc by M.V. Gothoskar [and] A.G. Bhagwat
Remainder of title an indian umpire looks back /
260 ## - PUBLICATION, DISTRIBUTION, ETC. (IMPRINT)
Place of publication, distribution, etc Bombay
Name of publisher, distributor, etc Marine Sports
Date of publication, distribution, etc 1992
270 ## - ADDRESS
Address 63A, gokhale road
City Bombay
Postal code 400028
300 ## - PHYSICAL DESCRIPTION
Extent 153p. ;
Dimensions 16cm(Hb)
Other physical details ill.
650 ## - SUBJECT ADDED ENTRY--TOPICAL TERM
Topical term or geographic name as entry element Test matches (Cricket)
9 (RLIN) 24643
650 ## - SUBJECT ADDED ENTRY--TOPICAL TERM
Topical term or geographic name as entry element Cricket
General subdivision Umpiring
9 (RLIN) 24644
700 ## - ADDED ENTRY--PERSONAL NAME
Personal name Bhagwat, A.G..
9 (RLIN) 24645
942 ## - ADDED ENTRY ELEMENTS (KOHA)
Source of classification or shelving scheme Dewey Decimal Classification
Koha item type English Books
Classification part 796.358
Call number suffix GOT
Holdings
Withdrawn status Lost status Damaged status Not for loan Home library Current library Date acquired Source of acquisition Cost, normal purchase price Total Checkouts Full call number Barcode Date last seen Copy number Cost, replacement price Price effective from Koha item type Public note
Written off       Central Library Central Library 03/07/2015 Cen Lib/Ret 0.00   796.358 GOT A-953324 03/07/2015 1 0.00 03/07/2015 English Books Written off on approval by DLB (By Circulation); dtd 15-06-2023

© Delhi Public Library
Hit Counter
free hit counter